Slovakia Political Briefing: Why Is Slovakia Not Capable of Electing All Constitutional Court Judges?

Aktuálna situácia vo voľbách sudcov na Ústavný súd. Situácia na začiatku volebného procesu na Slovensku.

Gespeichert in:
Bibliographische Detailangaben
1. Verfasser: Csányi, Peter, 1978-
Format: Buchkapitel
Sprache:Englisch
Tags: Tag hinzufügen
Keine Tags, Fügen Sie das erste Tag hinzu!

MARC

LEADER 00000naa a2200000 4500
001 0271580
005 20240502083825.1
041 0 |a eng 
044 |a HU 
245 1 0 |a Slovakia Political Briefing: Why Is Slovakia Not Capable of Electing All Constitutional Court Judges?  |c Peter Csányi 
520 |a Aktuálna situácia vo voľbách sudcov na Ústavný súd. Situácia na začiatku volebného procesu na Slovensku. 
100 1 |a Csányi, Peter, 1978-